Statistics for 150 Largest Contemporary Ethnicities in the World

Click here to take the quiz!

General Stats

  • This quiz has been taken 9,141 times
    (3,408 since last reset)
  • The average score is 50 of 151

Answer Stats

Total Polpulation Region of Origin Ethnic Group % Correct
1300 millionEast AsiaHan Chinese
97%
150 millionEuropeGerman
90%
420 millionMiddle East/North AfricaArab
89%
150 millionEuropeSpaniard
89%
106 millionEuropeFrench
88%
100 millionEuropeEnglish
88%
150 millionEuropeRussian
87%
130 millionEast AsiaJapanese
86%
140 millionEuropeItalian
85%
83 millionMiddle East/North AfricaTurkish
80%
83 millionEast AsiaKorean
78%
13 millionEuropeSwede
78%
58 millionEuropePole
77%
420 millionSouth AsiaHindustani
77%
80 millionEuropeIrish
76%
48 millionSoutheast AsiaVietnamese
76%
17 millionEuropeGreek
76%
50 millionSoutheast AsiaThai
76%
8 millonEuropeFinnic
75%
26 millionEuropeSerb/Croat/Bosnian
73%
29 millionEuropeDutch
72%
70 millionMiddle East/North AfricaPersian
71%
30 millionSoutheast AsiaMalay
71%
3 millionSouth AsiaRomani
70%
12 millionEuropeNorwegian
69%
42 millionEuropePortuguese
67%
6 millionEuropeDane
67%
12 millionSub-Saharan AfricaMongo
66%
13 millionSoutheast AsiaKhmer
65%
12 millionEuropeCzech
64%
15 millionEuropeHungarian
63%
40 millionEuropeUkrainian
63%
1 millionEast AsiaLi
63%
320 millionSouth AsiaBengali
62%
6 millionEuropeSlovak
61%
40 millionEuropeScottish
59%
8 millionEuropeBulgarian
59%
6 millionEuropeBaltic
58%
30 millionCentral AsiaUzbek
57%
14 millionCentral AsiaKazakh
56%
8 millionMiddle East/North AfricaArmenian
55%
18 millionMiddle East/North AfricaJewish
54%
30 millionSoutheast AsiaBamar
54%
78 millionSouth AsiaTamil
54%
8 millionEuropeAlbanian
54%
18 millionCentral AsiaTajik
52%
12 millionSub-Saharan AfricaZulu
51%
2 millionEuropeSlovene
51%
7 millionEuropeWelsh
50%
104 millionSoutheast AsiaFilipino
50%
7 millionMiddle East/North AfricaGeorgian
50%
38 millionMiddle East/North AfricaKurd
50%
8 millionCentral AsiaTurkmen
49%
120 millionSouth AsiaPunjabi
46%
24 millionEuropeRomanian
45%
105 millionSoutheast AsiaJavanese
45%
35 millionMiddle East/North AfricaAzerbaijani
45%
30 millionMiddle East/North AfricaBerber
44%
5 millionCentral AsiaKyrgyz
43%
16 millionSub-Saharan AfricaSomali
42%
3 millionEuropeMacedonian
40%
60 millionSouth AsiaPashtun
39%
5 millionEast AsiaTibetan
34%
7 millionEuropeCatalan
30%
2 millionEuropeBasque
30%
32 millionSub-Saharan AfricaIgbo
30%
7 millionAmericasMaya
29%
8 millionSub-Saharan AfricaXhosa
29%
2 millionSub-Saharan AfricaGa-Adangbe
27%
10 millionEast AsiaMongol
27%
60 millionSouth AsiaGujarati
27%
7 millionCentral AsiaVolga Tatar
26%
15 millionSub-Saharan AfricaHutu
25%
12 millionSoutheast AsiaMiao/Hmong
25%
10 millionAmericasQuechua
24%
20 millionAmericasAmhara
23%
10 millionCentral AsiaUyghur
23%
43 millionSub-Saharan AfricaYoruba
23%
15 millionSouth AsiaSinhalese
22%
90 millionSouth AsiaTelugu
21%
87 millionSouth AsiaMarathi
21%
10 millionMiddle East/North AfricaCopt
19%
35 millionSub-Saharan AfricaHausa
19%
10 millionEast AsiaManchu
18%
55 millionSouth AsiaKannada
16%
42 millionSouth AsiaSindhi
15%
2 millionSub-Saharan AfricaSwazi
15%
3 millionMiddle East/North AfricaAssyrian
14%
45 millionSub-Saharan AfricaOromo
14%
5 millionSub-Saharan AfricaSotho
14%
30 millionSoutheast AsiaSundanese
14%
9 millionSouth AsiaBalochi
14%
3 millionEuropeGalician
13%
6 millionSub-Saharan AfricaTswana
12%
1 millionMiddle East/North AfricaTuareg
12%
20 millionSub-Saharan AfricaFula
12%
15 millionSouth AsiaAssamese
12%
2 millionAmericasAymara
11%
10 millionEuropeByelorussian
11%
10 millionEast AsiaHui
11%
10 millionSub-Saharan AfricaKongo
10%
10 millionSub-Saharan AfricaShona
9%
17 millionEast AsiaZhuang
9%
8 millionEast AsiaYi
9%
4 millionSub-Saharan AfricaAfrikaner
8%
60 millionSouth AsiaMalayali
8%
6 millionSub-Saharan AfricaWolof
8%
8 millionMiddle East/North AfricaCircassian
7%
3 millionSub-Saharan AfricaNdebele
7%
15 millionSub-Saharan AfricaChewa
6%
2 millionCentral AsiaChuvash
6%
2 millionCentral AsiaBashkir
6%
3 millionSub-Saharan AfricaTigrinya
6%
20 millionSub-Saharan AfricaAkan
6%
5 millionSub-Saharan AfricaDinka
6%
100 millionSouth AsiaBihari
6%
5 millionSub-Saharan AfricaAfar
5%
13 millionSub-Saharan AfricaMandinka
5%
3 millionEast AsiaKam/Dong
5%
10 millionSub-Saharan AfricaKikuyu
5%
4 millionSub-Saharan AfricaSara
4%
7 millionSub-Saharan AfricaLuba
4%
2 millionAmericasMapuche
4%
2 millionEast AsiaBai
4%
4 millionSouth AsiaNaga
4%
5 millionSub-Saharan AfricaNuer
4%
5 millionSub-Saharan AfricaSonghai
4%
7 millionSub-Saharan AfricaLuo
4%
8 millionSoutheast AsiaBatak
4%
1 millionEuropeGagauz
4%
3 millionEast AsiaYao
4%
1 millionMiddle East/North AfricaLaz
4%
2 millionSouth AsiaBrahui
3%
3 millionSub-Saharan AfricaBambara
3%
8 millionEast AsiaDai
3%
10 millionSub-Saharan AfricaKanuri
3%
3 millionEast AsiaBouyei
3%
8 millionEast AsiaTujia
3%
8 millionSub-Saharan AfricaBeti-Pahuin
3%
1 millionSub-Saharan AfricaSoninke
2%
1 millionSub-Saharan AfricaAcholi
2%
6 millionSub-Saharan AfricanGanda
2%
2 millionEast AsiaHani
2%
9 millionSub-Saharan AfricaTigrayan
2%
10 millionSub-Saharan AfricaIjaw
2%
5 millionSub-Saharan AfricaPedi
2%
3 millionSub-Saharan AfricaBemba
2%
2 millionSub-Saharan AfricaLango
1%
2 millionSub-Saharan AfricaSoga
1%
5 millionSub-Saharan AfricaIbibio
1%
6 millionSub-Saharan AfricaSukuma
1%

Score Distribution

Percentile by Number Answered

Percent of People with Each Score

Your Score History

You have not taken this quiz since the last reset